Harry Potter commençant par V-W-X par images - Statistiques

Statistiques générales
  • Ce quiz a été pris 180 fois
  • Le résultat moyen est 10 sur 15
Statistiques - réponses
Par images Hint Réponse % Correct
Personnage {Voldemort}
100%
Objet magique {Vif} {d}'{or}
98%
Nom de famille {Weasley}
98%
Personnage {Viktor} Krum
96%
Sort {Wingardium} {Leviosa}
95%
Personnage {Vernon} Dursley
90%
Personnage {Xenophilius} Lovegood
80%
Personnage {Vincent} Crabbe
73%
Potion {Veritaserum}
62%
Lieu {Volière}
62%
Personnage Romilda {Vane}
48%
Personnage Blaise {Zabini}
46%
Dragon {Vert} {Gallois}
35%
Personnage Cassius {Warrington}
11%
Personnage Nigel {Wolpert}
9%
Aucun quiz correspondant
Distribution des résultats
% des personnes avec chaque résultat
Percentile par nombre de réponses
Votre historique - résultats
Vous n’avez pas pris ce quiz